000 00415nam a2200169Ia 4500
005 20250923145955.0
008 008 250917s9999 xx 000 0 eng d
037 _aTextual
040 _aDSWL
_beng
_cDSWL
041 _aeng
_2eng
084 _qDSWL
245 0 _aCommunity Welfare Organization
_cEd. by A. Dunham
260 _c1958
300 _axiii,480 p.
942 _cTEXL
999 _c1458015
_d1458015